00358nam a22001337a 4500008004100000020001500041082002100056100001700077245003900094250001200133260003400145300001600179650002900195200629b ||||| |||| 00| 0 eng d a085334447700a574.52636bB1671 aBaker, J. M.10aMarine ecology and oil pollution / a1st ed. aLondonbApplied sciencec1976 avii, 566 p. 0aOil pollution of the sea